[Event "DM 2026 Kort Paaske 1B"]
[Site "Svendborg"]
[Date "2026.03.30"]
[Round "5.15"]
[White "Nielsen, Angelo"]
[Black "Larsen, Rune"]
[Result "1-0"]
[WhiteElo "1719"]
[BlackElo "1780"]
[WhiteFideId "1442589"]
[BlackFideId "1475681"]
[EventDate "2026.03.28"]
[EventType "swiss"]
[EventRounds "5"]
[EventCountry "DEN"]
[SourceTitle "Live v. Kasper Jerwiarz"]

1. Nf3 d5 2. g3 Nf6 3. Bg2 Bf5 4. d3 e6 5. O-O Bc5 6. Nh4 Bg6 7. Nd2 c6 8. h3 Nbd7 9. e4 Qb6 10. Qe2 Bd6 11. Kh1 Bh5 12. g4 g5 13. Nhf3 Bxg4 14. e5 Nxe5 15. hxg4 Nexg4 16. Nb3 h6 17. d4 Qc7 18. Nc5 O-O-O 19. Ne5 Bxe5 20. dxe5 Nxe5 21. f3 Nh5 22. Qf2 Rdg8 23. Nd3 Nxd3 24. cxd3 Ng3+ 25. Kg1 Nxf1 26. Kxf1 h5 27. Qxa7 h4 28. Bd2 h3 29. Bh1 h2 30. Ba5 Qe7 31. Qa8+ Kd7 32. Qxb7+ Kd6 33. Bb4+ c5 34. Bxc5+ Kxc5 1-0

[Event "DM 2026 Kort Paaske 1B"]
[Site "Svendborg"]
[Date "2026.03.30"]
[Round "5.16"]
[White "Andersen, Frederik"]
[Black "Mortensen, Erik Holm"]
[Result "1/2-1/2"]
[WhiteElo "1665"]
[BlackElo "1719"]
[WhiteFideId "1481630"]
[BlackFideId "1485199"]
[EventDate "2026.03.28"]
[EventType "swiss"]
[EventRounds "5"]
[EventCountry "DEN"]
[SourceTitle "Live v. Kasper Jerwiarz"]

1. e4 e5 2. Nf3 Nc6 3. Bb5 a6 4. Ba4 d6 5. Bxc6+ bxc6 6. d4 exd4 7. Nxd4 Bb7 8. Nc3 c5 9. Nf3 Be7 10. O-O Nf6 11. Re1 O-O 12. b3 Bc6 13. Nd5 Re8 14. c4 Nxd5 15. exd5 Bd7 16. h3 Bf6 17. Rb1 Bf5 18. Be3 Bxb1 19. Qxb1 a5 20. Qc2 h6 21. Kf1 Qd7 22. a4 Ra6 23. Nh2 Qd8 24. Ng4 h5 25. Nh2 Bg5 26. Qd2 Bxe3 27. Rxe3 Rxe3 28. Qxe3 Rb6 29. Nf3 1/2-1/2

[Event "DM 2026 Kort Paaske 1B"]
[Site "Svendborg"]
[Date "2026.03.30"]
[Round "5.17"]
[White "Schachter, Per"]
[Black "Licht, Torsten Wentzer"]
[Result "0-1"]
[WhiteElo "1670"]
[BlackElo "1687"]
[WhiteFideId "1489739"]
[BlackFideId "1479326"]
[EventDate "2026.03.28"]
[EventType "swiss"]
[EventRounds "5"]
[EventCountry "DEN"]
[SourceTitle "Live v. Kasper Jerwiarz"]

1. Nf3 d5 2. g3 Nf6 3. Bg2 g6 4. b3 Bg7 5. Bb2 c5 6. c4 d4 7. O-O Nc6 8. e3 e5 9. exd4 cxd4 10. Nxe5 Nxe5 11. Re1 Nd7 12. f4 O-O 13. fxe5 Nxe5 14. d3 Bg4 15. Qc2 Nf3+ 16. Bxf3 Bxf3 17. Qf2 Bc6 18. Na3 Qd7 19. Nc2 Rad8 20. Re2 Qg4 21. Rae1 Rd6 22. Qf4 Qd7 23. Re7 Qh3 24. R1e2 Rf6 25. Qc1 Rf3 26. Qe1 Rxd3 27. Nb4 Rf3 28. Nxc6 bxc6 29. Rd2 Qg4 30. Rc7 Bh6 31. Rd1 Be3+ 32. Kh1 Rf2 33. Qg1 Qf3+ 0-1

[Event "DM 2026 Kort Paaske 1B"]
[Site "Svendborg"]
[Date "2026.03.30"]
[Round "5.18"]
[White "Hansen, Daniel Hoppe"]
[Black "Nielsen, Pia"]
[Result "1/2-1/2"]
[WhiteElo "1832"]
[BlackElo "1592"]
[WhiteFideId "1486101"]
[BlackFideId "1409700"]
[EventDate "2026.03.28"]
[EventType "swiss"]
[EventRounds "5"]
[EventCountry "DEN"]
[SourceTitle "Live v. Kasper Jerwiarz"]

1. Nf3 c6 2. e3 d5 3. b3 Bg4 4. Bb2 Nf6 5. h3 Bh5 6. Be2 Nbd7 7. O-O e6 8. c4 Be7 9. Nc3 O-O 10. d4 a6 11. Qc2 Bg6 12. Bd3 Bxd3 13. Qxd3 Re8 14. Rfe1 Qc7 15. Rad1 Reb8 16. e4 Qf4 17. Bc1 Qc7 18. e5 Ne8 19. Ng5 Nf8 20. Qf3 Bxg5 21. Bxg5 h6 22. Bc1 b5 23. c5 a5 24. Rd3 Rb7 25. Bxh6 gxh6 26. Qg4+ Ng7 27. Rg3 Ng6 28. h4 Qe7 1/2-1/2

[Event "DM 2026 Kort Paaske 1B"]
[Site "Svendborg"]
[Date "2026.03.30"]
[Round "5.19"]
[White "Gronnemose, Freja Egelund"]
[Black "Saliev, Ramadan"]
[Result "1-0"]
[WhiteElo "1924"]
[BlackElo "1673"]
[WhiteFideId "1474456"]
[BlackFideId "1422448"]
[EventDate "2026.03.28"]
[EventType "swiss"]
[EventRounds "5"]
[EventCountry "DEN"]
[SourceTitle "Live v. Kasper Jerwiarz"]

1. e4 d5 2. exd5 Nf6 3. d4 Nxd5 4. c4 Nb4 5. Nf3 Bf5 6. Na3 e6 7. Be2 Be7 8. O-O O-O 9. Ne1 N8c6 10. Nac2 Nxc2 11. Nxc2 Bxc2 12. Qxc2 Nxd4 13. Qd1 Nxe2+ 14. Qxe2 Bf6 15. Rb1 c5 16. Bf4 Qa5 17. b3 Rfe8 18. Rfd1 Rad8 19. Qf3 b6 20. Bc7 Rxd1+ 21. Qxd1 Bd4 22. Qe2 Qc3 23. g3 g6 24. Bf4 Qa5 25. Bh6 Qa6 26. h4 Qb7 27. h5 Qc7 28. Bf4 e5 29. h6 Qe7 30. Re1 f6 31. Kh2 Kf7 32. Bd2 Qe6 33. b4 Qf5 34. f4 e4 35. Be3 Qh5+ 36. Qxh5 gxh5 37. f5 Re5 38. Kg2 Bc3 39. Rd1 Bxb4 40. Bf4 Re7 41. Rd8 Re8 42. Rd7+ Kg8 43. Rg7+ Kh8 44. Rf7 Bc3 45. Kf2 Bd4+ 46. Ke2 a6 47. a4 Bc3 48. Bc7 Rg8 49. Bd6 Be5 50. Bf8 Rxg3 51. Bg7+ Rxg7 52. Rxg7 h4 53. Rg4 h3 54. Kf2 h2 55. Kg2 e3 56. Re4 Kg8 57. Rxe3 Kf7 58. Rb3 Bc7 59. a5 b5 60. cxb5 c4 61. Rb1 Bxa5 62. bxa6 Bd2 63. Rb7+ Kg8 64. a7 Bxh6 65. a8=Q+ Bf8 66. Rb8 Kg7 67. Rxf8 Kh6 68. Rxf6+ Kg5 69. Qf8 c3 70. Qh6+ Kg4 71. Qh3+ Kg5 72. Qxc3 h5 73. Rg6+ Kxf5 74. Qf6+ Ke4 75. Qh4+ Kf5 76. Qxh5+ Kf4 77. Kxh2 Ke3 78. Rg3+ Kf4 79. Qh4+ Kf5 80. Rg5+ 1-0